Billboard Number One Hits Of The 1980's - Statistics

General Stats
  • This quiz has been taken 370 times
  • The average score is 152 of 231
Answer Stats
Answer % Correct
Bad | Beat It | Billie Jean | +4 others Michael Jackson
98%
Careless Whisper | Faith | Father Figure | +2 others George Michael
95%
Crazy For You | Like A Prayer | Like A Virgin | +4 others Madonna
95%
Every Breath You Take The Police
92%
Didn't We Almost Have It All | Greatest Love Of All | How Will I Know | +4 others Whitney Houston
92%
Take On Me A-Ha
91%
Africa Toto
91%
Another Brick In The Wall (Part 2) Pink Floyd
90%
Batdance | When Doves Cry Prince
90%
Kiss | Let's Go Crazy Prince & The Revolution
90%
Bad Medicine | I'll Be There For You | Livin' On A Prayer | You Give Love A Bad Name Bon Jovi
89%
Everything She Wants | Wake Me Up Before You Go-Go Wham!
88%
It's Still Rock & Roll To Me | Mony Mony | Tell Her About It | We Didn't Start The Fire Billy Joel
87%
9 To 5 Dolly Parton
87%
Sweet Child O' Mine Guns N Roses
87%
Crazy Little Thing Called Love Queen
87%
Call Me | Rapture | The Tide Is High Blondie
86%
Time After Time | True Colors Cyndi Lauper
86%
All Night Long (All Night) | Hello | Say You Say Me | Truly Lionel Richie
86%
Total Eclipse Of The Heart Bonnie Tyler
84%
Miss You Much | When I Think Of You Janet Jackson
84%
I Just Called To Say I Love You | Part Time Lover Stevie Wonder
84%
Eternal Flame | Walk Like An Egyptian The Bangles
84%
Everybody Wants To Rule The World | Shout Tears For Fears
83%
What's Love Got To Do With It Tina Turner
83%
I Still Haven't Found What I'm Looking For | With Or Without You U2
83%
Sweet Dreams (Are Made Of This) Eurythmics
82%
Down Under | Who Can It Be Now Men At Work
81%
Eye Of The Tiger Survivor
81%
Footloose Kenny Loggins
80%
A Groovy Kind Of Love | Against All Odds (Take A Look At Me Now) | Another Day In Paradise | +3 others Phil Collins
80%
I Can't Go For That (No Can Do) | Kiss On My List | Maneater | +2 others Daryl Hall & John Oates
79%
I Love Rock N Roll Joan Jett & The Blackhearts
79%
Never Gonna Give You You | Together Forever Rick Astley
79%
Jump Van Halen
79%
Karma Chameleon Culture Club
78%
Nothing's Gonna Stop Us Now | Sara | We Built This City Starship
78%
Let's Dance David Bowie
77%
Magic | Physical Olivia Newton-John
77%
Coming Up Paul McCartney
76%
Say Say Say Paul McCartney & Michael Jackson
75%
Ebony And Ivory Paul McCartney & Stevie Wonder
75%
Kokomo The Beach Boys
75%
West End Girls Pet Shop Boys
74%
Invisible Touch Genesis
73%
Islands In The Stream Kenny Rogers & Dolly Parton
73%
Jessie's Girl Rick Springfield
73%
Money For Nothing Dire Straits
72%
Sledgehammer Peter Gabriel
72%
That's What Friends Are For Dionne Warwick, Elton John, Gladys Knight & Stevie Wonder
71%
I Want To Know What Love Is Foreigner
71%
Heaven Is A Place On Earth Belinda Carlisle
70%
Jacob's Ladder | Stuck With You | The Power Of Love Huey Lewis & The News
70%
Got My Mind Set On You George Harrison
69%
Upside Down Diana Ross
68%
A View To A Kill | The Reflex Duran Duran
68%
Red Red Wine UB40
68%
Owner Of A Lonely Heart Yes
68%
Take My Breath Away Berlin
67%
Caribbean Queen (No More Love On The Run) | Get Outta My Dreams Get Into My Car | There'll Be Sad Songs (To Make You Cry) Billy Ocean
67%
Come On Eileen Dexy's Midnight Runners
67%
Jack & Diane John Mellencamp
67%
Venus Bananarama
66%
Need You Tonight INXS
66%
Bette Davis Eyes Kim Carnes
66%
Ghostbusters Ray Parker Jr
66%
Can't Fight This Feeling | Keep On Loving You REO Speedwagon
66%
Don't You (Forget About Me) Simple Minds
66%
Don't You Want Me | Human The Human League
66%
Alone | These Dreams Heart
65%
Lady Kenny Rogers
64%
Celebration Kool & The Gang
64%
Cold Hearted | Forever Your Girl | Straight Up Paula Abdul
64%
Every Rose Has Its Thorn Poison
64%
Here I Go Again Whitesnake
64%
(I Just) Died In Your Arms Cutting Crew
63%
Flashdance... What A Feeling Irene Cara
63%
Addicted To Love Robert Palmer
62%
Rock Me Amadeus Falco
61%
Abracadabra Steve Miller Band
61%
My Prerogative Bobby Brown
60%
Don't Worry Be Happy Bobby McFerrin
60%
Heaven Bryan Adams
60%
Hard To Say I'm Sorry | Look Away Chicago
60%
Arthur's Theme (Best That You Can Do) | Sailing Christopher Cross
60%
Endless Love Diana Ross & Lionel Richie
60%
Higher Love | Roll With It Steve Winwood
60%
Could've Been | I Think We're Alone Now Tiffany
60%
We Are The World USA For Africa
60%
Centerfold The J Geils Band
58%
Mickey Toni Basil
57%
Funkytown Lipps Inc
56%
Broken Wings | Kyrie Mr Mister
56%
(Just Like) Starting Over John Lennon
55%
Amanda Boston
53%
Baby Don't Forget My Number | Blame It On The Rain | Girl I'm Gonna Miss You Milli Vanilli
53%
Hold On To The Nights | Right Here Waiting | Satisfied Richard Marx
53%
Up Where We Belong Joe Cocker & Jennifer Warnes
52%
Holding Back The Years | If You Don't Know Me By Now Simply Red
52%
Woman In Love Barbra Streisand
51%
(I've Had) The Time Of My Life Bill Medley & Jennifer Warnes
51%
Love Bites Def Leppard
51%
Escape (The Pina Colada Song) Rupert Holmes
50%
Wind Beneath My Wings Bette Midler
49%
You Keep Me Hangin' On Kim Wilde
49%
Hangin' Tough | I'll Be Loving You (Forever) New Kids On The Block
48%
Listen To Your Heart | The Look Roxette
48%
Good Thing | She Drives Me Crazy Fine Young Cannibals
47%
La Bamba Los Lobos
47%
I Just Can't Stop Loving You Michael Jackson & Siedah Garrett
45%
Morning Train (9 To 5) Sheena Easton
45%
Everytime You Go Away Paul Young
43%
Glory Of Love Peter Cetera
43%
The Next Time I Fall Peter Cetera & Amy Grant
43%
Separate Lives Phil Collins & Marilyn Martin
42%
The Way It Is Bruce Hornsby & The Range
41%
St Elmo's Fire (Man In Motion) John Parr
41%
Missing You John Waite
40%
Please Don't Go KC & The Sunshine Band
40%
Toy Soldiers Martika
40%
Maniac Michael Sembello
40%
Chariots Of Fire Vangelis
40%
I Knew You Were Waiting (For Me) Aretha Franklin & George Michael
39%
The Flame Cheap Trick
38%
Do That To Me One More Time Captain & Tennille
37%
The One That You Love Air Supply
33%
Stars On 45 Stars On 45
33%
The Living Years Mike & The Mechanics
32%
Let's Hear It For The Boy Deniece Williams
30%
I Love A Rainy Night Eddie Rabbitt
30%
Foolish Beat | Lost In Your Eyes Debbie Gibson
28%
On My Own Patti LaBelle & Michael McDonald
28%
Don't Wanna Lose You Gloria Estefan
27%
When I See You Smile Bad English
26%
Head To Toe | Lost In Emotion Lisa Lisa & Cult Jam
26%
Miami Vice Theme Jan Hammer
25%
Wishing Well Terence Trent D'Arby
21%
Lean On Me Club Nouveau
20%
Anything For You Gloria Estefan & Miami Sound Machine
20%
When I'm With You Sheriff
20%
Baby Come To Me Patti Austin & James Ingram
18%
Wild Wild West The Escape Club
18%
Oh Sheila Ready For The World
17%
Always Atlantic Starr
16%
Baby I Love Your Way/Freebird Medley (Free Baby) Will To Power
16%
Seasons Change Expose
15%
At This Moment Billy Vera & The Beaters
14%
Shake You Down Gregory Abbott
13%
Rock On Michael Damian
10%
Shakedown Bob Segel
5%
No matching quizzes found
Score Distribution
Percent of People with Each Score
Percentile by Number Answered
Your Score History
You have not taken this quiz